000 00570nam a2200241 a 4500
001 nice12345678
003 IN_TiNIC
005 20260116011828.0
008 050524s1912 leia grp 000 0 eng
020 _a
_c100
082 0 0 _a297.2
_bHOR1
100 _aHorten, M
245 _aTheologie Des Islam
_b Razi and Tusi
260 _aLeipzig
_bOtto Harrassowitz
_c1912
300 _a384p
500 _aincludes index and biblioraphy
505 2 _aIndex
650 _aIslam-Doctrines
700 1 _aHorten, M
902 _bSRS
942 _cBK
999 _c4263
_d4263